01025cam a22002895a 4500001001000000003000400010005001700014008004100031020002100072020001800093040003100111082002000142100002800162245008800190260003800278300003400316500004900350500002500399504003200424650003400456650004400490651001000534653002500544942000800569999001700577952014100594006894896OSt20160825134917.0020208t2001 nyua frb 001 0 eng d a0465023266 (pbk) a9780465023264 aStDuBDSdUkdEG-ScBUEbeng04a332.49bFER2211 aFerguson, Niall.93687614aThe cash nexus :bMoney and power in the modern world, 1700-2000 /cNiall Ferguson. aNew York :bBasic Books,cc.2001. axix, 552 p. :bill. ;c24 cm. aOriginally published: London: Penguin, 2001. aIndex : p. 533-552.  aBibliography : p. 491-532.  7aMoneyxHistory.2BUEsh936879 7aMonetary policyxHistory.2BUEsh940742 2BUEsh bBUSADMcAugust 2016  2ddc c22171d22143 00102ddc40708BaccahaMAINbMAINc1STd2016-08-11ePurchaseg136.00h24096l0o332.49 FERp000033249r2025-07-15 00:00:00v170.00yBB